Azerbaycan insan hakları raporu 2011 (Record no. 6556)

MARC details
000 -BAŞLIK
Sabit Uzunlukta Kontrol Alanı 01158na a2200289 4500
001 - KONTROL NUMARASI
Denetim Alanı 15665
003 - KONTROL NUMARASI IDENTIFIER
Denetim Alanı MIRAKIL
005 - SON İŞLEM TARİHİ VE ZAMANI
Denetim Alanı 20181213155111.0
008 - SABİT-BOY VERİ ELEMANLARI - GENEL BİLGİLER
Sabit Uzunlukta Kontrol Alanı 160920b tu 000 0
035 ## - SİSTEM KONTROL NUMARASI
Sistem Kontrol Numarası 15665
040 ## - KATALOGLAMA KAYNAK
Orijinal Kataloglama Ajansı Milas
Kataloglama Dili tur
Metne Dönüştürmek Ajansı TR-AnCHP
082 ## - DEWEY ONLU SINIFLANDIRMA NUMARASI
Sınıflandırma Numarası 323.09553 2011
Ürün Numarası A93 [2012?]
090 ## - SINIFLAMA NUMARASI
Sınıflama Numarası 323.09553 2011 A93 [2012?]
245 ## - BAŞLIK TABLOSU
Başlık Azerbaycan insan hakları raporu 2011
Sorumluluk Tablosu, Vb İnsan Hakları ve Mazlumlar İçin Dayanışma Derneği (MAZLUMDER) ; hazırlayanlar Şerife Gül Arıman, Üzeyir Yiğit, Abdülkadir Şen
260 ## - YAYIN, DAĞITIM, VB
Yayın, Dağıtım, Vb Yeri Ankara
Yayıncı, Dağıtıcı, Vs Adı Mazlumder Genel Merkez
Yayın, Dağıtım, Vb Tarihi [2012?]
300 ## - FİZİKSEL TANIM
Kapsam 37 s.
Boyutlar 26 sm.
500 ## - GENEL NOT
Genel Not Azerbaijan human rights report 2011
650 ## - KONU KATMA GİRİŞ - TOPİKAL DÖNEM
Topikal Süreli Veya Coğrafi Ad Giriş Elemanı İnsan hakları
Genel Alt Bölümü Raporlar
Kronolojik Alt Bölümü 2011
Coğrafi Alt Bölümü Azerbaycan
650 ## - KONU KATMA GİRİŞ - TOPİKAL DÖNEM
Topikal Süreli Veya Coğrafi Ad Giriş Elemanı İnsan hakları ihlali
Genel Alt Bölümü Raporlar
-- Yıllıklar
Kronolojik Alt Bölümü 2011
Coğrafi Alt Bölümü Azerbaycan
650 ## - KONU KATMA GİRİŞ - TOPİKAL DÖNEM
Topikal Süreli Veya Coğrafi Ad Giriş Elemanı Hak ve özgürlükler
Genel Alt Bölümü Raporlar
-- Yıllıklar
Kronolojik Alt Bölümü 2011
Coğrafi Alt Bölümü Azerbaycan
650 ## - KONU KATMA GİRİŞ - TOPİKAL DÖNEM
Topikal Süreli Veya Coğrafi Ad Giriş Elemanı Medeni haklar
Genel Alt Bölümü Raporlar
-- Yıllıklar
Kronolojik Alt Bölümü 2011
Coğrafi Alt Bölümü Azerbaycan
700 ## - KATMA GİRİŞ - KİŞİSEL İSİM
Kişisel Ad Şen, Abdülkadir
700 ## - KATMA GİRİŞ - KİŞİSEL İSİM
Kişisel Ad Arıman, Şerife Gül
700 ## - KATMA GİRİŞ - KİŞİSEL İSİM
Kişisel Ad Yiğit, Üzeyir
710 ## - KATMA GİRİŞ - KURUMSAL ADI
Giriş Elemanı Olarak Kurumsal Ad Veya Yargı Alanı Adı İnsan Hakları ve Mazlumlar İçin Dayanışma Derneği (MAZLUMDER)
942 ## - EKLENDİ GİRİŞ ELEMANLARI (KOHA)
Sınıflandırma Veya Raf Düzeni Kaynak Dewey Decimal Classification
Koha Öğesi Türü Books
999 ## - SİSTEM KONTROL NUMARALARI (KOHA)
Koha Biblionumber 6556
Koha Biblioitemnumber 6556
Holdings
Kalıcı Konum Mevcut Konum Edinme Tarihi Edinim Kaynak Toplam Check-Out'Lar Tam Çağrı Numarası Barkod Tarih Son Görülme İtibaren Geçerli Fiyatlar Koha Öğesi Türü
CHP Kütüphanesi CHP Kütüphanesi 09/20/2016 Bağış   323.09553 2011 A93 [2012?] 003950 09/20/2016 09/20/2016 Books